|
|
|
|
| LEADER |
02107nam a2200325 a 4500 |
| 003 |
BD-DhAAL |
| 005 |
20260513180625.0 |
| 008 |
091018s2006 ii l 001 0 eng d |
| 020 |
|
|
|a 8187567317
|
| 040 |
|
|
|a BD-DhAAL
|c BD-DhAAL
|
| 082 |
0 |
0 |
|a 346.07
|2 21
|
| 100 |
1 |
|
|a Sen, Arun Kumar.
|9 60740
|
| 245 |
0 |
0 |
|a Commercial law (including company law) and industrial law /
|c by Arun Kumar Sen and Jitendra Kumar Mitra ; edited by Sakti Mukherjee.
|
| 250 |
|
|
|a 25th edition.
|
| 260 |
|
|
|a Kolkata, India :
|b The World Press,
|c 2006.
|
| 300 |
|
|
|a xxiv, 1104 pages ;
|c 21 cm.
|
| 541 |
1 |
|
|e 00014536
|
| 650 |
|
0 |
|a Business law.
|9 60741
|
| 650 |
|
0 |
|a Commercial law.
|
| 700 |
1 |
|
|a Mitra, Jitendra Kumar.
|9 60742
|
| 700 |
1 |
|
|a Mukherjee, Sakti.
|9 60743
|
| 852 |
4 |
|
|a Ayesha Abed Library
|j General shelf
|
| 942 |
0 |
0 |
|0 1
|2 ddc
|c BK
|
| 999 |
|
|
|c 4669
|d 4669
|
| 952 |
|
|
|0 0
|1 0
|2 ddc
|4 0
|6 346_070000000000000_SEN_2006
|7 0
|9 4455
|a BRACUL
|b BRACUL
|c GEN
|d 2009-10-18
|g 0.00
|l 29
|m 222
|o 346.07 SEN
|p 3010014536
|r 2025-12-29
|s 2025-10-18
|t 1
|w 2009-10-18
|y BK
|x No price found in the accession register
|
| 952 |
|
|
|0 0
|1 0
|2 ddc
|4 0
|6 346_070000000000000_SEN_2006
|7 0
|9 4547
|a BRACUL
|b BRACUL
|c GEN
|d 2009-10-20
|g 0.00
|l 21
|m 169
|o 346.07 SEN
|p 3010009452
|r 2024-11-18
|s 2024-06-12
|t 2
|w 2009-10-20
|y BK
|x No price found in the accession register.
|
| 952 |
|
|
|0 0
|1 0
|2 ddc
|4 0
|6 346_070000000000000_SEN_2006
|7 0
|9 4592
|a BRACUL
|b BRACUL
|c GEN
|d 2009-10-22
|g 0.00
|l 31
|m 220
|o 346.07 SEN
|p 3010014537
|q 2026-06-02
|r 2026-03-05
|s 2026-03-05
|t 3
|w 2009-10-22
|y BK
|x No price found in the accession register.
|
| 952 |
|
|
|0 0
|1 0
|2 ddc
|4 0
|6 346_070000000000000_SEN_2006
|7 0
|9 4593
|a BRACUL
|b BRACUL
|c GEN
|d 2009-10-22
|g 0.00
|l 16
|m 143
|o 346.07 SEN
|p 3010014538
|q 2025-11-19
|r 2023-10-12
|s 2023-10-12
|t 4
|w 2009-10-22
|y BK
|x No price found in the accession register.
|
| 952 |
|
|
|0 0
|1 0
|2 ddc
|4 0
|6 346_070000000000000_SEN_2006
|7 0
|9 16222
|a BRACUL
|b BRACUL
|c GEN
|d 2011-04-27
|l 22
|m 214
|o 346.07 SEN
|p 3010014535
|r 2025-08-06
|s 2025-02-20
|t 5
|w 2011-04-27
|y BK
|
| 952 |
|
|
|0 0
|1 0
|2 ddc
|4 0
|6 346_070000000000000_SEN_2006
|7 0
|9 16223
|a BRACUL
|b BRACUL
|c GEN
|d 2011-04-27
|l 24
|m 214
|o 346.07 SEN
|p 3010014534
|r 2025-04-15
|s 2024-10-29
|t 6
|w 2011-04-27
|y BK
|